Encyclopeadic dictionary of Library, information science and network / (Record no. 63295)

MARC details
000 -LEADER
fixed length control field 00533nam a22001817a 4500
005 - DATE AND TIME OF LATEST TRANSACTION
control field 20180104145335.0
010 ## - LCCN (DPL NO)
LC control number B-59596
020 ## - INTERNATIONAL STANDARD BOOK NUMBER
Terms of availability 00.00
035 ## - SYSTEM CONTROL NUMBER
System control number B-059596
037 ## - SOURCE OF ACQUISITION
Stock number DPL
082 ## - DEWEY DECIMAL CLASSIFICATION NUMBER
Classification number 020.3-SHA
100 ## - MAIN ENTRY--PERSONAL NAME
Personal name Sharma, C. K.
245 ## - TITLE STATEMENT
Title Encyclopeadic dictionary of Library, information science and network /
Statement of responsibility, etc by C. K. Sharma
260 ## - PUBLICATION, DISTRIBUTION, ETC. (IMPRINT)
Place of publication, distribution, etc New Delhi
Name of publisher, distributor, etc JBD Book Distributor
Date of publication, distribution, etc 2002
270 ## - ADDRESS
Address 10149,KCP,Model Basti, New Delhi-110005
300 ## - PHYSICAL DESCRIPTION
Extent 244p.
Dimensions 18 cms.
942 ## - ADDED ENTRY ELEMENTS (KOHA)
Source of classification or shelving scheme Dewey Decimal Classification
Item type English Books
Classification part 020.3
Call number suffix SHA
Holdings
Withdrawn status Lost status Not for loan Collection code Home library Current library Date acquired Cost, normal purchase price Full call number Barcode Cost, replacement price Koha item type
      Non-fiction Sarojini Nagar Sarojini Nagar 21/02/2012 0.00 020.3 SHA B-059599 0.00 English Books

© Delhi Public Library
Hit Counter
free hit counter